00800nam a22001817a 4500003000900000008004100009040007100050082001500121100002000136245007100156260003300227300002700260505022000287650002700507650002200534650001900556700004300575AR-CdUCM190507b ||||| |||| 00| 0 spa d aMUNICIPALIDAD PROVINCIAL DEL CUSCOcBIBLIOTECA MUNICIPAL DEL CUSCO a808 /bC71 aClurman, Harold aTeatro contemporáneo de Brecht a Pinter, de Nueva York a Tokio / aArgentina :bTroquel,c1972. a407 paginas ;c21 cm. aContenido : Historia del zoo y krapp o la ultima cinta magnetofónica de Beckett, 1960 -- El gallo de riña, 1959, Becket, 1960 -- Blues para el señor Charlie, 1964 -- Días felices, 1961 -- El rehén, 1960... aTeatro Contemporáneo aActores teatrales aArte y cultura aFelisa Conzevoy, Leonor (Traducción)